1033 1557 1119 1794 1221 1611 1984 1398 1840 1613 1829 1967 1767 1272 1997 1450 1167 1187 1882 1451 1760 1133 1040 1728 1129 1504 1390 1437 1787 1498 1213 1814 1956 1667 1982 1941 1181 1484 1604 1102 1553 1692 1078 1099 1838 1648 1546 1432 1461 1339 1218 1184 1352 1622 1880 1690 1332 1375 1510 1274 1071 1400 1383 1119 1933 1288 1737 1551 1139 1045 1898 1451 1116 1640 1300 1976 1837 1990 1208 1064 1567 1291 1824 1393 1015 1984 1174 1143 1261 1918 1697 1934 1269 1753 1032 1618 1169 1903 1752 BCNSPRNW ULIB Ver.6.0+V

เปลี่ยนเป็นภาษาไทย

Change to English
 แสดงรายละเอียดบรรณานุกรม
  กลับหน้าหลัก

Brief Record : Get Marc (ISO 2709) : E-mail record : QR code < ปิดหน้าต่าง
LEADER : 00000nam 2200000uu 4500
001    13399107762
003     ULIB
008    110202s2552||||th 000 0 tha d
020    9786167183008
060  4 ^aWY159^bช251ก
100 0  ^aชลิดา ธนัฐธีรกุล
110 1  ^aมหาวิทยาลัยขอนแก่น.^bคณะพยาบาลศาสตร์
245 10 ^aการพยาบาลผู้ป่วยเด็กที่มีความผิดปกติในระบบทางเดินปัสสาวะ=^bPediatric nursing care on urinary tract abnormalities ^cชลิดา ธนัฐธีรกุล
260    ^aขอนแก่น :^bโรงพิมพ์มหาวิทยาลัยขอนแก่น, ^c2552
300    ^a121 หน้า ;^bภาพประกอบ
650  7 ^aการพยาบาลกุมารเวชศาสตร์
650  7 ^aระบบทางเดินปัสสาวะ^xความผิดปกติ
650  7 ^aเด็ก^xการพยาบาล
945    ^p170^l0^i029438
945    ^p170^l0^i029439
945    ^p170^l0^i029440
945    ^p170^l0^i029441
945    ^p170^l0^i029442
945    ^p170^l0^i029443
945    ^p170^l0^i029444
945    ^p170^l0^i029739
995    เกษร
999 ^a ใช้งานได้ทุกระบบ
รายการนี้ยังไม่มีแท็ก
คุณยังไม่ได้ล็อกอิน คุณสามารถมีกิจกรรมร่วมกับเว็บไซต์ได้ แต่ต้องล็อกอินก่อน ::
  ล็อกอิน

รายการสื่อสารสนเทศ

ลำดับที่ ประเภท เลขเรียก/บาร์โค้ด สถานที่ สถานะ
- ไม่พบข้อมูล -

รายการใกล้เคียง
    ผู้แต่ง [ชลิดา ธนัฐธีรกุล]

    หัวเรื่อง [การพยาบาลกุมารเวชศาสตร์]

BibComment


ยังไม่เคยถูกคอมเมนท์

คอมเมนท์ทรัพยากรรายการนี้
  คอมเมนท์: การพยาบาลผู้ป่วย..


 Copyright 2026. Bcnsprnw @Library